Vision and art : (Record no. 18266)

MARC details
000 -LEADER
fixed length control field 00742nam a2200289Ia 4500
001 - CONTROL NUMBER
control field AUWbook002787
003 - CONTROL NUMBER IDENTIFIER
control field BDCtgAUW
005 - DATE AND TIME OF LATEST TRANSACTION
control field 20260406155238.0
008 - FIXED-LENGTH DATA ELEMENTS--GENERAL INFORMATION
fixed length control field 220908s9999 xx 000 0 eng d
020 ## - INTERNATIONAL STANDARD BOOK NUMBER
International Standard Book Number 0810904063
040 ## - CATALOGING SOURCE
Original cataloging agency BDCtgAUW
Transcribing agency BDCtgAUW
050 ## - LIBRARY OF CONGRESS CALL NUMBER
Classification number N7430.5.L54
100 1# - MAIN ENTRY--PERSONAL NAME
Personal name Livingstone Margaret.
245 #0 - TITLE STATEMENT
Title Vision and art :
Remainder of title the biology of seeing /
260 ## - PUBLICATION, DISTRIBUTION, ETC.
Place of publication, distribution, etc. New York :
Name of publisher, distributor, etc. Harry N. Abrams,
Date of publication, distribution, etc. 2002.
300 ## - PHYSICAL DESCRIPTION
Extent 208 pages.
650 #0 - SUBJECT ADDED ENTRY--TOPICAL TERM
Topical term or geographic name entry element Color vision.
650 #0 - SUBJECT ADDED ENTRY--TOPICAL TERM
Topical term or geographic name entry element Fine arts.
650 #0 - SUBJECT ADDED ENTRY--TOPICAL TERM
Topical term or geographic name entry element Painting
General subdivision Psychology.
9 (RLIN) 80136
650 #0 - SUBJECT ADDED ENTRY--TOPICAL TERM
Topical term or geographic name entry element Visual arts.
650 #0 - SUBJECT ADDED ENTRY--TOPICAL TERM
Topical term or geographic name entry element Visual perception.
700 1# - ADDED ENTRY--PERSONAL NAME
Personal name Hubel, David, foreword by.
887 ## - NON-MARC INFORMATION FIELD
Content of non-MARC field BRAC
Source of data 2982
888 ## -
-- 2982
942 ## - ADDED ENTRY ELEMENTS (KOHA)
Koha item type Books
Koha issues (borrowed), all copies 1
945 ## - LOCAL PROCESSING INFORMATION (OCLC)
c BK

No items available.